Г. Р. Державин: на службе у трех императоров. Ч. 2: Государственная деятельность в царствование Павла I (Запись № 10966838)
[ простой вид ]
| 000 -МАРКЕР | |
|---|---|
| контрольное поле | 01821nam2a2200277 i 4500 |
| 001 - ИДЕНТИФИКАТОР ЗАПИСИ | |
| контрольное поле | RU\NLR\BIBL_A\011001056 |
| 005 - ИДЕНТИФИКАТОР ВЕРСИИ | |
| контрольное поле | 20260406013253.0 |
| 010 ## - МЕЖДУНАРОДНЫЙ СТАНДАРТНЫЙ НОМЕР КНИГИ (ISBN) | |
| Номер (ISBN) | 9785000780541 |
| Уточнения | ч. 2 |
| Тираж | 500 |
| 021 ## - НОМЕР ГОСУДАРСТВЕННОЙ РЕГИСТРАЦИИ | |
| Код страны | Российская Федерация |
| Номер | 2016-9996 |
| Номер Листа государственной регистраци | 650 |
| 035 ## - ДРУГИЕ СИСТЕМНЫЕ НОМЕРА | |
| Идентификатор записи | (NLR Aleph) 011001056 |
| 100 ## - ДАННЫЕ ОБЩЕЙ ОБРАБОТКИ | |
| Данные общей обработки | 20160226d2015 k y0rusy50 ca |
| 101 0# - ЯЗЫК РЕСУРСА | |
| Язык текста, звукозаписи и т.д. | русский |
| 102 ## - СТРАНА ПУБЛИКАЦИИ ИЛИ ПРОИЗВОДСТВА | |
| Страна публикации | Российская Федерация |
| 105 ## - ПОЛЕ КОДИРОВАННЫХ ДАННЫХ: ТЕКСТОВЫЕ МАТЕРИАЛЫ, МОНОГРАФИЧЕСКИЕ | |
| Кодированные данные о монографическом текстовом документе | ch z 000yy |
| 200 1# - ЗАГЛАВИЕ И СВЕДЕНИЯ ОБ ОТВЕТСТВЕННОСТИ | |
| Основное заглавие | Государственная деятельность в царствование Павла I |
| Параллельное заглавие | The state activity in the reign of Pavel I |
| Язык параллельного заглавия | английский |
| 210 ## - ПУБЛИКАЦИЯ, РАСПРОСТРАНЕНИЕ И ДР. | |
| Дата издания, распространения и т.д. | 2015 |
| 215 ## - ФИЗИЧЕСКАЯ ХАРАКТЕРИСТИКА | |
| Специфическое обозначение материала и объем | 195 с. |
| Другие сведения о физической характеристике | цв. портр., факс. |
| 320 ## - ПРИМЕЧАНИЯ О НАЛИЧИИ В ДОКУМЕНТЕ БИБЛИОГРАФИИ / УКАЗАТЕЛЯ | |
| Текст примечания | Библиогр.: с. 137-140 и в подстроч. примеч. |
| 461 #0 - УРОВЕНЬ НАБОРА | |
| Встроенное поле | 001RU\NLR\BIBL_A\010735122 |
| -- | 2001#$aГ. Р. Державин: на службе у трех императоров$dG. R. Derzhavin: on service of three emperors$eмонография$eв 3 ч.$fН. С. Цинцадзе$gМ-во образования и науки Рос. Федерации, Федер. гос. бюджет. образоват. учреждение высш. проф. образования "Тамб. гос. ун-т им. Г. Р. Державина"$zeng$vЧ. 2 |
| -- | 700#1$aЦинцадзе$bН. С.$gНина Сергеевна$f1984-$3RU\NLR\AUTH\77118746 |
| Системный номер (АБИС) связанной записи | 9879317 |
| Автор | Цинцадзе, Н. С. (1984-) |
| Место публикации | Тамбов |
| Дата публикации | 2014 |
| Первые сведения об ответственности | Н. С. Цинцадзе |
| Параллельное заглавие | G. R. Derzhavin: on service of three emperors |
| Имя издателя, распространителя и т.д. | Изд-во ТГУ |
| Сведения, относящиеся к заглавию | монография : в 3 ч. |
| Заглавие | Г. Р. Державин: на службе у трех императоров |
| Номер тома | Ч. 2 |
| 510 1# - ПАРАЛЛЕЛЬНОЕ ЗАГЛАВИЕ | |
| Связь между полями | z45790 |
| Параллельное заглавие | The state activity in the reign of Pavel I |
| Язык заглавия | английский |
| 790 #1 - ИМЯ ЛИЦА - АЛЬТЕРНАТИВНАЯ ФОРМА | |
| Материалы, к которым относится поле | rus |
| Графика поля | Латинская |
| Начальный элемент ввода | Cincadze |
| Часть имени, кроме начального элемента ввода | N. S. |
| Даты | 1984- |
| Расширение инициалов личного имени | Nina Sergeevna |
| Идентификатор авторитетной/нормативной записи | RU\NLR\AUTH\77118747 |
| Системный номер авторитетной/нормативной записи | 101672 |
| 942 ## - ДОПОЛНИТЕЛЬНЫЕ ЭЛЕМЕНТЫ ЗАПИСИ (АБИС) | |
| Тип экземпляра АБИС | Книга |
| 980 ## - КОЛЛЕКЦИЯ | |
| Название коллекции | НБР |
Нет доступных экземпляров.